|
|
|
|
| LEADER |
00000nam0a2200000 4500 |
| 001 |
115109 |
| 005 |
20231031122450.0 |
| 035 |
|
|
|a (RuTPU)RU\TPU\book\124492
|
| 090 |
|
|
|a 115109
|
| 100 |
|
|
|a 20070503d1958 km y0rusy50 ca
|
| 101 |
0 |
|
|a rus
|
| 102 |
|
|
|a RU
|
| 105 |
|
|
|a a z 001zy
|
| 200 |
1 |
|
|a Пассивная самолетная радиолокация (по материалам зарубежной печати)
|f В. И. Глуховцева
|
| 210 |
|
|
|a Москва
|c изд-во НТООИИ
|d 1958
|
| 215 |
|
|
|a 50 с.
|c ил.
|
| 320 |
|
|
|a Библиогр.: с. 50.
|
| 610 |
1 |
|
|a авиация
|
| 610 |
1 |
|
|a самолеты
|
| 610 |
1 |
|
|a радиолокация
|
| 610 |
1 |
|
|a цели
|
| 610 |
1 |
|
|a обнаружение
|
| 610 |
1 |
|
|a пассивные методы
|
| 610 |
1 |
|
|a тепловое радиоизлучение
|
| 610 |
1 |
|
|a источники
|
| 610 |
1 |
|
|a модуляционные приемники
|
| 610 |
1 |
|
|a корреляционные приемники
|
| 610 |
1 |
|
|a чувствительность
|
| 610 |
1 |
|
|a зарубежная литература
|
| 675 |
|
|
|a 629.73.05:621.3
|v 3
|
| 700 |
|
1 |
|a Глуховцева
|b В. И.
|
| 801 |
|
1 |
|a RU
|b 63413507
|c 20070503
|g PSBO
|
| 801 |
|
2 |
|a RU
|b 63413507
|c 20080403
|g PSBO
|
| 942 |
|
|
|c BK
|